Food chains and human nutrition /

Bibliographic Details
Corporate Authors: Symposium on Food Chains and Human Nutrition Kenilworth, United Kingdom, Rank Prize Funds. Advisory Committee on Nutrition and Crop Husbandry
Other Authors: Blaxter, Kenneth
Format: Conference Proceeding Book
Language:English
Published: London : Applied Science Publishers, 1980.
Subjects:

MARC

Tag First Indicator Second Indicator Subfields
LEADER 00000cam a2200000 i 4500
001 in00000378421
005 20151011091740.0
008 800617s1979 enka b 10110 eng d
020 |a 0853348634 
035 |a (OCoLC)06430078 
035 |9 ABQ7749AM 
040 |a AGL  |c AGL  |d m.c.  |d TXA  |d UtOrBLW 
049 |a TXAM  |c [1809456] 
072 0 |a T200 
090 |a QH541  |b .F66 1980 
111 2 |a Symposium on Food Chains and Human Nutrition  |d (1979 :  |c Kenilworth, United Kingdom) 
245 1 0 |a Food chains and human nutrition /  |c edited by Kenneth Blaxter. 
264 1 |a London :  |b Applied Science Publishers,  |c 1980. 
300 |a x, 470 pages :  |b illustrations ;  |c 23 cm. 
336 |a text  |b txt  |2 rdacontent 
337 |a unmediated  |b n  |2 rdamedia 
338 |a volume  |b nc  |2 rdacarrier 
500 |a Third symposium organized by the Advisory Committee on Nutrition and Crop Husbandry of the Rank Prize Funds. 
504 |a Includes bibliographical references and index. 
650 0 |a Food chains (Ecology)  |x Congresses. 
650 0 |a Nutrition  |v Congresses. 
700 1 |a Blaxter, Kenneth. 
710 2 |a Rank Prize Funds.  |b Advisory Committee on Nutrition and Crop Husbandry. 
999 |a MARS 
999 f f |s 746428b2-a924-3248-8503-e01d4caf9713  |i 935e8a11-3de6-3205-a549-2ab5be08d70f  |t 0 
952 f f |p ric  |a Texas A&M University  |b Rellis Campus  |c Joint Library Facility  |d Remote Storage  |t 0  |e QH541 .F66 1980  |h Library of Congress classification  |i unmediated -- volume  |m A14807518768 
998 f f |a QH541 .F66 1980  |t 0  |l Remote Storage